000 00253 a2200109 4500
245 _aTechnique de l'injection dans les urgences
100 _aKaiser, H.
260 _c1961
300 _a44 p.
999 _c17599
_d17599